Some fundamental problems of policy formation and organisation in the commercial field. (Record no. 59266)
[ view plain ]
| 000 -LEADER | |
|---|---|
| fixed length control field | 00621cam4a220020500 4500 |
| 001 - CONTROL NUMBER | |
| control field | roe00105526 |
| 003 - CONTROL NUMBER IDENTIFIER | |
| control field | UPRA |
| 005 - DATE AND TIME OF LATEST TRANSACTION | |
| control field | 20190815094207.0 |
| 008 - FIXED-LENGTH DATA ELEMENTS--GENERAL INFORMATION | |
| fixed length control field | 950811s1957 ne eng u |
| 035 ## - SYSTEM CONTROL NUMBER | |
| System control number | (Sirsi) r118937 |
| 035 ## - SYSTEM CONTROL NUMBER | |
| System control number | (UPRA)roe00105526 |
| 040 ## - CATALOGING SOURCE | |
| Transcribing agency | UPRA |
| 100 1# - MAIN ENTRY--PERSONAL NAME | |
| Personal name | Hacco^u, J. F. |
| Linkage | A84196.1 |
| 245 10 - TITLE STATEMENT | |
| Title | Some fundamental problems of policy formation and organisation in the commercial field. |
| 260 ## - PUBLICATION, DISTRIBUTION, ETC. | |
| Place of publication, distribution, etc. | Leiden : |
| Name of publisher, distributor, etc. | H.E. Stenfert Kroese, |
| Date of publication, distribution, etc. | 1957. |
| 504 ## - BIBLIOGRAPHY, ETC. NOTE | |
| Bibliography, etc. note | Bibliographical footnotes. |
| 650 #0 - SUBJECT ADDED ENTRY--TOPICAL TERM | |
| Topical term or geographic name entry element | Commerce. |
| Linkage | S2577.1 |
| 949 ## - LOCAL PROCESSING INFORMATION (OCLC) | |
| a | HF1009 |
| w | lcc |
| i | -171203 |
| m | MAIN |
| t | BOOK |
| l | ON-SHELF |
No items available.